Capitals AND Countries Quiz Stats

 Plays Quiz Updated Apr 18, 2019

Score 0/197 Timer 20:00
101 Plays Today
Capital, Country % Correct
Washington, D.C., United States
92%
Paris, France
89.9%
London, United Kingdom
89.3%
Mexico City, Mexico
89%
Berlin, Germany
87.9%
Moscow, Russia
87.7%
Madrid, Spain
87.5%
Rome, Italy
87.2%
Ottawa, Canada
86.7%
Oslo, Norway
85.9%
Beijing, China
85.4%
Dublin, Ireland
85.3%
Lisbon, Portugal
85.1%
Tokyo, Japan
84.9%
Cairo, Egypt
84.1%
Athens, Greece
83.7%
Stockholm, Sweden
83.7%
Helsinki, Finland
83.4%
Brasília, Brazil
83.1%
Amsterdam, Netherlands
82.6%
Brussels, Belgium
82.1%
Canberra, Australia
81.8%
Vienna, Austria
81.7%
Buenos Aires, Argentina
81.7%
Warsaw, Poland
81.6%
Copenhagen, Denmark
81.5%
Lima, Peru
81.2%
New Delhi, India
80.7%
Seoul, South Korea
80.3%
Bern, Switzerland
80.3%
Budapest, Hungary
79.6%
Panama City, Panama
79.5%
Vatican City, Vatican City
79.4%
Havana, Cuba
79.4%
Prague, Czechia
79.4%
Santiago, Chile
79.3%
Luxembourg, Luxembourg
78.8%
Baghdad, Iraq
78.7%
Jerusalem, Israel
78.7%
Ankara, Turkey
78.6%
Kyiv, Ukraine
78.3%
Wellington, New Zealand
78.2%
Pretoria, South Africa
78%
Kingston, Jamaica
77.6%
Reykjavik, Iceland
77.6%
Monaco, Monaco
77.4%
Bogotá, Colombia
77.1%
Tehran, Iran
76.9%
Bucharest, Romania
76.5%
San Marino, San Marino
76.3%
Riga, Latvia
76.1%
Bangkok, Thailand
75.6%
Caracas, Venezuela
75.6%
Guatemala City, Guatemala
75.6%
Algiers, Algeria
75.4%
Minsk, Belarus
75.4%
Jakarta, Indonesia
75.1%
Kabul, Afghanistan
75.1%
Sofia, Bulgaria
75%
Quito, Ecuador
74.9%
Tunis, Tunisia
74.9%
Islamabad, Pakistan
74.8%
Pyongyang, North Korea
74.8%
Montevideo, Uruguay
74.7%
La Paz, Bolivia
74.4%
San Salvador, El Salvador
74.3%
Capital, Country % Correct
Tallinn, Estonia
74%
Singapore, Singapore
73.8%
Port-au-Prince, Haiti
73.6%
Hanoi, Vietnam
73.6%
Andorra la Vella, Andorra
73.4%
Zagreb, Croatia
73.3%
Nairobi, Kenya
72.7%
Damascus, Syria
72.2%
Bratislava, Slovakia
72.2%
Manila, Philippines
72%
San José, Costa Rica
72%
Sarajevo, Bosnia and Herzegovina
72%
Kuwait City, Kuwait
71.9%
Vilnius, Lithuania
71.8%
Tripoli, Libya
71.8%
Rabat, Morocco
71.5%
Belgrade, Serbia
71.4%
Nicosia, Cyprus
71.3%
Beirut, Lebanon
71.1%
Asunción, Paraguay
70.9%
Riyadh, Saudi Arabia
70.8%
Nassau, Bahamas
70.8%
Kuala Lumpur, Malaysia
70.7%
Vaduz, Liechtenstein
70.7%
Taipei, Taiwan
70.3%
Djibouti, Djibouti
70%
Abu Dhabi, United Arab Emirates
70%
Kathmandu, Nepal
69.7%
Amman, Jordan
69.6%
Ramallah, Palestine
69.5%
Tirana, Albania
69.4%
Georgetown, Guyana
69.3%
Valletta, Malta
69.1%
Managua, Nicaragua
69.1%
Santo Domingo, Dominican Republic
69%
Addis Ababa, Ethiopia
68.8%
Ljubljana, Slovenia
68.5%
Belmopan, Belize
68.3%
Skopje, North Macedonia
68%
Ulaanbaatar, Mongolia
67.8%
Muscat, Oman
67.6%
Pristina, Kosovo
67.4%
Phnom Penh, Cambodia
67.2%
Tegucigalpa, Honduras
67.1%
Baku, Azerbaijan
67%
Doha, Qatar
66.9%
Dhaka, Bangladesh
66.9%
Mogadishu, Somalia
66.5%
Khartoum, Sudan
66.4%
Chişinău, Moldova
66.4%
Tbilisi, Georgia
66.3%
Nur-Sultan, Kazakhstan
66%
Paramaribo, Suriname
65.7%
Male, Maldives
65.6%
Sana’a, Yemen
65.4%
Dakar, Senegal
65.1%
Port of Spain, Trinidad and Tobago
64.9%
Sri Jayawardenepura Kotte, Sri Lanka
64.9%
Accra, Ghana
64.8%
Podgorica, Montenegro
64.8%
Yerevan, Armenia
64.7%
Freetown, Sierra Leone
64.5%
Bridgetown, Barbados
64.4%
Vientiane, Laos
64.4%
Bissau, Guinea-Bissau
64%
Kinshasa, Democratic Republic of the Congo
63.8%
Capital, Country % Correct
Suva, Fiji
63.2%
Harare, Zimbabwe
63.2%
Luanda, Angola
63.1%
Victoria, Seychelles
62.8%
Windhoek, Namibia
62.8%
São Tomé, São Tomé and Príncipe
62.7%
Port Moresby, Papua New Guinea
62.6%
Tashkent, Uzbekistan
62.5%
Dili, Timor-Leste
62.4%
Bishkek, Kyrgyzstan
62.3%
Manama, Bahrain
62.3%
Abuja, Nigeria
62.2%
Roseau, Dominica
62.1%
Brazzaville, Republic of the Congo
62%
St. John's, Antigua and Barbuda
62%
Monrovia, Liberia
61.7%
Antananarivo, Madagascar
61.6%
Kigali, Rwanda
61.5%
Castries, St. Lucia
61.3%
Dodoma, Tanzania
61.2%
Thimphu, Bhutan
61.2%
Kampala, Uganda
61.1%
Asmara, Eritrea
60.9%
St. George's, Grenada
60.7%
Kingstown, Saint Vincent and the Grenadines
60.7%
Lomé, Togo
60.4%
Ashgabat, Turkmenistan
60.2%
Dushanbe, Tajikistan
59.9%
Niamey, Niger
59.8%
Apia, Samoa
59.6%
Basseterre, St. Kitts and Nevis
59.5%
Conakry, Guinea
59.2%
Porto-Novo, Benin
59.1%
Port Louis, Mauritius
59.1%
Praia, Cabo Verde
59.1%
Maputo, Mozambique
58.9%
N'Djamena, Chad
58.9%
Lusaka, Zambia
58.8%
Bandar Seri Begawan, Brunei
58.6%
Naypyidaw, Myanmar
58.6%
Gaborone, Botswana
58.4%
Ouagadougou, Burkina Faso
58.4%
Moroni, Comoros
58.1%
Bamako, Mali
58%
Yaoundé, Cameroon
57.8%
Mbabane, eSwatini
57.8%
Libreville, Gabon
57.7%
Bangui, Central African Republic
57.6%
Gitega, Burundi
57.5%
Maseru, Lesotho
57.3%
Lilongwe, Malawi
56.7%
Banjul, The Gambia
56.5%
Funafuti, Tuvalu
56%
Port Vila, Vanuatu
55.9%
Nouakchott, Mauritania
55.7%
Yamoussoukro, Côte d'Ivoire
55.4%
Honiara, Solomon Islands
55.1%
Yaren, Nauru
54.9%
Palikir, Federated States of Micronesia
54.7%
Majuro, Marshall Islands
54.5%
Malabo, Equatorial Guinea
54.4%
Juba, South Sudan
54.2%
Nukuʻalofa, Tonga
54%
Tarawa, Kiribati
53.1%
Ngerulmud, Palau
52.8%

You're not logged in!

Compare scores with friends on all Sporcle quizzes.
OR
Log In

Sporcle TV

Today on Sporcle TV


Watch our educational content, quiz creation guides, and fun videos on Sporcle TV.

Show Comments

Extras

Top Quizzes Today


Score Distribution

Your Account Isn't Verified!

In order to create a playlist on Sporcle, you need to verify the email address you used during registration. Go to your Sporcle Settings to finish the process.

Report this User

Report this user for behavior that violates our Community Guidelines.

Details: